000
00340nam a2200121Ia 4500
003
GCL
008
140319s9999 xx 000 0 ara d
040
_a
GCL /
_c
GCL
082
0
4
_a
ط
_b
813.0872
_b
د س
245
1
0
_a
الاشباح الياشقة
260
_a
[S.N] :
_b
دار الراتب الجامعية
490
_a
سلسلة سوفنير
_v
0
999
_c
32253
_d
32253